Armed forces of the Slovak Republic

Salvato in:
Dettagli Bibliografici
Autore principale: Škvrnda, František
Altri autori: Polonský, Dušan
Natura: Capitolo di libro
Lingua:inglese
Tags: Aggiungi Tag
Nessun Tag, puoi essere il primo ad aggiungerne!!

MARC

LEADER 00000naa$a2200000$$$4500
001 0060781
005 20240502083145.2
041 0 |a eng 
044 |a HU 
245 1 0 |a Armed forces of the Slovak Republic  |c František Škvrnda, Dušan Polonský 
100 1 |a Škvrnda, František 
700 1 |a Polonský, Dušan